01181pam a2200265 a 4500001000500000005001700005020001800022040002300040050001900063082001300082100002100095245008900116250002900205260004300234300005500277505000800332520030300340521002000643521002000663650002900683906004500712942001500757999001500772952012800787316020240215084558.0 a9780802776334 aDLCcDLCdDLCbeng00aG850.S53b199700a919.98041 aMcCurdy, Michael10aTrapped by the ice! :bShackleton's amazing Antarctic adventure /cMcCurdy, Michael  aFirst published in 1997  aNew York :bWalker and Company, c1997 a39 pages : bcolor illustrations, maps ;c24 cm . aW  aDescribes the events of the 1914 Shackleton Antarctic expedition when, after being trapped in a frozen sea for nine months, the expedition ship, the Endurance, was finally crushed and Shackleton and his men made the very long and perilous journey across ice and stormy seas to reach inhabited land. a880 bLexile  aW bRaz-Plus  aexplorationvnon-fiction a7bripcorignewd1eocipf19gy-gencatlg 2ddccBKn0 c3160d3160 00102ddc40708NFICa001b001cSNSd2024-02-15l0oMCC 919.9804 G850.S53pFISTK02292r2024-02-15 08:45:53w2024-02-15yBK